[Event "Budapest FS04 Development"]
[Site "Budapest"]
[Date "2017.04.07"]
[Round "7"]
[White "Mukhanov, Adil"]
[Black "Szurkos, Andras"]
[Result "1-0"]
[WhiteElo "1462"]
[BlackElo "1768"]
[PlyCount "107"]
[EventDate "2017.04.01"]
[EventType "tourn"]
[EventRounds "10"]
[EventCountry "HUN"]
[SourceTitle "CBM 177 Extra"]
[Source "ChessBase"]
[SourceDate "2017.04.27"]
[SourceVersion "1"]
[SourceVersionDate "2017.04.27"]
[SourceQuality "1"]

1. e4 e5 2. Nf3 Nc6 3. Bc4 Bc5 4. c3 Nf6 5. d3 0-0 6. 0-0 d5 7. exd5 Nxd5 8. Re1 Bg4 9. Nbd2 Nf4 10. Ne4 Bd6 11. Nxd6 Qxd6 12. Bxf4 exf4 13. d4 Ne7 14. h3 Bh5 15. Re5 Bg6 16. Qd2 Qf6 17. Rae1 Nc6 18. Re6 Qf5 19. Nh4 Qg5 20. Nxg6 hxg6 21. R6e4 Na5 22. Bd3 Rac8 23. Re5 Qd8 24. Rxa5 c5 25. Rxc5 Rxc5 26. dxc5 Qd5 27. Qe2 Qxc5 28. Qf3 Qb6 29. Re7 Qxb2 30. Qxf4 Qxc3 31. Bc4 Qf6 32. Qxf6 gxf6 33. Rxb7 a5 34. Ra7 Rc8 35. Bxf7+ Kf8 36. Bxg6 Rc1+ 37. Kh2 Ra1 38. Rxa5 Kg7 39. Be4 Re1 40. f3 Ra1 41. a4 Kf7 42. Ra8 Ke7 43. h4 Kd6 44. h5 Rc1 45. h6 Ke5 46. h7 f5 47. h8Q+ Kd6 48. Qf8+ Ke5 49. Qxf5+ Kd4 50. Qd5+ Ke3 51. Rd8 Rc2 52. Bxc2 Kf2 53. Qd2+ Kf1 54. Bd3# 1-0

[Event "Budapest FS04 Development"]
[Site "Budapest"]
[Date "2017.04.02"]
[Round "2"]
[White "Szurkos, Andras"]
[Black "Mukhanov, Adil"]
[Result "1-0"]
[WhiteElo "1768"]
[BlackElo "1462"]
[PlyCount "97"]
[EventDate "2017.04.01"]
[EventType "tourn"]
[EventRounds "10"]
[EventCountry "HUN"]
[SourceTitle "CBM 177 Extra"]
[Source "ChessBase"]
[SourceDate "2017.04.27"]
[SourceVersion "1"]
[SourceVersionDate "2017.04.27"]
[SourceQuality "1"]

1. e4 c5 2. Nf3 Nc6 3. Bb5 d6 4. d4 cxd4 5. Nxd4 Bd7 6. 0-0 g6 7. Nxc6 bxc6 8. Bc4 Bg7 9. Qf3 Nf6 10. Nc3 0-0 11. Bg5 Qa5 12. Bd2 Qc5 13. Bd3 d5 14. h3 Rab8 15. Rfe1 d4 16. Na4 Qe5 17. Bf4 Qa5 18. Bxb8 Rxb8 19. b3 Qg5 20. Nb2 Nh5 21. Nc4 Nf4 22. Qg3 Qh6 23. Rad1 Bf6 24. e5 Bh4 25. Qh2 Qg5 26. Kf1 Bf5 27. Bxf5 Qxf5 28. g3 d3 29. cxd3 Nxd3 30. Re3 Nxf2 31. Qxf2 Qxh3+ 32. Qg2 Qg4 33. Rde1 Bg5 34. Re4 Qf5+ 35. Qf2 Qh3+ 36. Kg1 Rd8 37. Rf1 f5 38. exf6 Bxf6 39. Ne3 Qh6 40. Ng4 Qg5 41. Nxf6+ exf6 42. Qe3 Qa5 43. Re8+ Rxe8 44. Qxe8+ Kg7 45. Qe7+ Kh6 46. Qf8+ Kh5 47. Qxf6 Qc5+ 48. Kg2 Qb4 49. Rh1+ 1-0